PRIESKUM V OBLASTI ĽUDSKÝCH PRÁV V ZÁKLADNÝCH ŠKOLÁCH

Bibliographic Details
Main Author: Slovíková, Mária (Author)
Format: Article
Language:Slovak

MARC

LEADER 00000nab a2200000uu 4500
001 vtls010902739
003 SK-MaSNL
005 20260303142430.0
008 230222|2008 xo |||||||||||||||||slo|
015 |a SNBRB 
035 |a (urnnbn)urn:nbn:sk:snk:ar-a07phl 
035 |a (uuid)95e5f6b1-45b1-4a93-a3b0-e00d03de5fa7 
035 |a urn:nbn:sk:snk-ab8txl 
040 |a SNKBUCL  |b slo  |c SNKBUCL  |e AACR2 
041 0 |a slo 
044 |a xo  |c SK 
100 1 |a Slovíková, Mária  |4 aut  |9 11916 
245 1 0 |a PRIESKUM V OBLASTI ĽUDSKÝCH PRÁV V ZÁKLADNÝCH ŠKOLÁCH  |c Mária Slovíková A Kolektív 
773 0 |t Prevencia : informačný bulletin zameraný na prevenciu sociálno-patologických javov v rezorte školstva  |g Roč. 7, č. 1 (2008), s. 25-36 
954 |a odborná, vedecká literatúra pôvodná (slovenská)  |2 lita 
958 |a OND 
958 |a EUIPO 
958 |a article10 
999 |c 1982821  |d 1984751